<?xml version="1.0" encoding="UTF-8"?>
<marc:record xmlns:marc="http://www.loc.gov/MARC21/slim">
   <marc:leader>00000nam a2200000 a 4500</marc:leader>
   <marc:datafield ind1="1" ind2=" " tag="100">
      <marc:subfield code="a">Moers, Walter</marc:subfield>
      <marc:subfield code="4">aut</marc:subfield>
      <marc:subfield code="e">Verfasser/-in</marc:subfield>
   </marc:datafield>
   <marc:datafield ind1=" " ind2=" " tag="653">
      <marc:subfield code="a">Antolin</marc:subfield>
   </marc:datafield>
   <marc:datafield ind1=" " ind2=" " tag="653">
      <marc:subfield code="a">Klasse-9</marc:subfield>
   </marc:datafield>
   <marc:datafield ind1="0" ind2="0" tag="245">
      <marc:subfield code="a">Die Stadt der Träumenden Bücher</marc:subfield>
   </marc:datafield>
   <marc:datafield ind1="0" ind2="0" tag="245">
      <marc:subfield code="b">Ein Roman aus Zamonien</marc:subfield>
   </marc:datafield>
   <marc:datafield ind1=" " ind2="1" tag="264">
      <marc:subfield code="b">Piper</marc:subfield>
      <marc:subfield code="c">2006</marc:subfield>
   </marc:datafield>
   <marc:datafield ind1="1" ind2=" " tag="520">
      <marc:subfield code="a">Als der Pate des jungen Dichters Hildegunst von Mythenmetz stirbt, hinterlässt er seinem Schützling nur wenig mehr als ein Manuskript. Dieses aber ist so makellos, dass Mythenmetz sich gezwungen sieht, dem Geheimnis seiner Herkunft nachzugehen. Die Spur führt nach Buchhaim, der Stadt der Träumenden Bücher. Als der Held sie betritt, ist es, als würde er die Tür zu einer gigantischen Buchhandlung aufreißen. Er riecht den Anflug von Säure, der an den Duft von Zitronenbäumen erinnert, das anregende Aroma von altem Leder und das scharfe, intelligente Parfüm von Druckerschwärze. Einmal in den Klauen dieser buchverrückten Stadt, wird Mythenmetz immer tiefer hineingesogen in ihre labyrinthische Welt, in der Lesen noch eine wirkliche Gefahr ist, in der rücksichtslose Bücherjäger nach bibliophilen Schätzen gieren, Buchlinge ihren Schabernack treiben und der mysteriöse Schattenkönig herrscht.[Verlagszext]</marc:subfield>
   </marc:datafield>
   <marc:datafield ind1=" " ind2=" " tag="020">
      <marc:subfield code="a">9783492246880</marc:subfield>
      <marc:subfield code="9">9783492246880</marc:subfield>
   </marc:datafield>
</marc:record>
